| 000 | 01030nam a2200229Ii 4500 | ||
|---|---|---|---|
| 003 | JO-AjNU | ||
| 008 | 230605s9999||||xx |||||||||||||| ||und|| | ||
| 017 | _a2006/19591 | ||
| 020 | _a977-388-092-3 | ||
| 040 |
_aJO-AjNU _bara _erda _cJO-AjNU |
||
| 041 | _aara | ||
| 050 | 1 | 4 | _aHF5438.25.2007 |
| 100 | 3 |
_aالدسوقي،محمد السيد البدوي, _eauthor _932201 |
|
| 245 | 0 | 0 | _aقواعد البيع الشخصي=Personal Selling: تعلم لغة المال والاعمال بالانجليزية،تعلم اللغة التجارية ومارس البيع بكفاءة |
| 264 | 3 | 1 | _aالاسكندرية:مركز الاسكندرية للكتاب؛2007 |
| 300 |
_a148ص _bيحتوي على ببلوغرافية من ص125-148ص |
||
| 336 |
_atext _btxt _2rdacontent |
||
| 337 |
_aunmediated _bn _2rdamedia |
||
| 338 |
_avolume _bnc _2rdacarrier |
||
| 490 | 0 | _aسلسلة طريق النجاح للتنمية البشرية(كيف تصبح بائعا محترفا وناجحا) | |
| 650 | 4 |
_aالتسويق _932202 |
|
| 999 |
_aA12971 _c16539 _d16539 |
||